01357nam a2200265 a 4500001001000000005001700010008004100027041000800068044000700076084002100083100004500104245011200149260003200261300002200293500027800315500010100593500010400694500004700798500000900845650005200854650005600906650003400962650004500996740005001041BRCA_242820190320203814.0141108s1782----sp-a---###---#000-0#spa-u aspa asp a070b.M376c17821 aCervantes Saavedra, Miguel ded1547-161610aVida y hechos del Ingenioso Caballero Don Quixote de la Manchaccompuesto por Miguel de Cervantes Saavedra. aMadridbManuel Martinc1782 a4 v.bil.c16 cm. aContenido : v 1. Primera parte. Dedicatoria de Cide Hamete Benengeli. Algunos versos preliminares. Prólogo del autor. Texto. -- v 2. Texto. -- v 3. Segunda parte. Versos preliminares. Poesías de los académicos de Argamacilla. Prólogo del autor. Texto. -- v 4. Texto aEdición : Nueva edición. Corregida e ilustrada con 44 estampas. Dedicada al mismo D. Quixote aEjemplar por completo igual al LO-069. Piel; lomeras adornadas con filetes dorados Lúdovik Osterc aCon ex-libris de : Robert Washington Vates aQM5714aNovela españolayÉpoca clásica, 1500-170014aLiteratura españolayÉpoca clásica, 1500-170014aNovela españolaySiglo XVII14aDon Quijote (Personaje ficticio)eNovela0 aEl Ingenioso Hidalgo Don Quijote de la Mancha